00494nam a2200085Ia 4500008004100000245003900041300024800080650001600328856006400344170517s9999 xx 000 0 und d aWhen a Mother's Love is Not Enough aRosa Monckton is the mother of a teenage daughter with Down syndrome. Her emotionally involving documentary When a Mother's Love is Not Enough isn't just about the struggles and triumphs of her experience, but the plights facing all parents... xTechnology. uhttp://topdocumentaryfilms.com/when-mother-love-not-enough/